| 000 | 00374nam a2200145Ia 4500 | ||
|---|---|---|---|
| 008 | 230312s9999||||xx |||||||||||||| ||und|| | ||
| 082 |
_a005.133 _bROB-C |
||
| 100 | _aSimon Roberts | ||
| 245 | 0 | _aComputer Java 2 Certification | |
| 260 | _bSybex | ||
| 300 | _a900 | ||
| 546 | _aEng. | ||
| 650 |
_aComputer _vThe programmers Exam, The developers Exam,Appendices |
||
| 942 | _cBK | ||
| 999 |
_c3164 _d3164 |
||